000 00395nam a2200181Ia 4500
005 20250425161401.0
008 250425s9999 xx 000 0 und d
041 _afre
082 _a627.75
245 0 _aMETHODES DE DEVELOPPEMENT
250 _aS.E.
260 _aReino Unido
_bTECH
_c1972
260 _aS.L.
300 _a100
650 _aPERFORACION
942 _c01
010 _a19058
999 _c208139
_d208139